BioMass (Record no. 594568)

000 -LEADER
fixed length control field 00330nam a22001217a 4500
020 ## - INTERNATIONAL STANDARD BOOK NUMBER
International Standard Book Number 9781639870769
040 ## - CATALOGING SOURCE
Transcribing agency NUST IESE
082 ## - DEWEY DECIMAL CLASSIFICATION NUMBER
Classification number 662.88
Author Mark GOL
245 ## - TITLE STATEMENT
Title BioMass
Remainder of title Methods for volume calculation and Energy Valorization
260 ## - PUBLICATION, DISTRIBUTION, ETC.
Place of publication, distribution, etc. New York City
Name of publisher, distributor, etc. Murphy and Moore
Date of publication, distribution, etc. 2021
300 ## - PHYSICAL DESCRIPTION
Extent 250
942 ## - ADDED ENTRY ELEMENTS (KOHA)
Source of classification or shelving scheme
Koha item type Book
Call number prefix 662.88
Holdings
Withdrawn status Lost status Source of classification or shelving scheme Damaged status Not for loan Permanent Location Current Location Shelving location Date acquired Total Checkouts Full call number Barcode Date last seen Price effective from Koha item type
          Institute of Environmental Science and Engineering (IESE) Institute of Environmental Science and Engineering (IESE) General Stacks 04/28/2023   662.88 GOL IESE -4015 04/28/2023 04/28/2023 Book
© 2023 Central Library, National University of Sciences and Technology. All Rights Reserved.